000 00400nam a2200157Ia 4500
008 240729s9999 xx 000 0 und d
022 _a2068-8016
245 0 _aSocial Change Review
260 _aPoland
260 _bSciendo
650 _a Sociology (General)
650 _aSocial Sciences
856 _uhttps://doaj.org/toc/ccb4a5306f2a4d13adb4b32847cb6e61
942 _2ddc
942 _cDOAJEJ
999 _c66913
_d66913
945 _a1
_bMadushi Gamage
_c1
_dMadushi Gamage